| 000 | 00413cam a2200169 4500 | ||
|---|---|---|---|
| 001 | D15829 | ||
| 008 | 090401t1963 xxu||||| |||| 00| 0 eng d | ||
| 035 | _a(Sirsi) u25429 | ||
| 041 | _aeng | ||
| 110 | _aChartered Auctioneers` and Estate Agents` Institute | ||
| 245 | _aProfessional charges | ||
| 260 |
_bCAEAI _c1963 |
||
| 350 | _a0 | ||
| 520 | _aFiled in box 1963/1 AB | ||
| 942 | _n0 | ||
| 948 | _c04/03/1997 | ||
| 999 |
_c88737 _d88737 |
||